Honduras dossier

Guardat en:
Dades bibliogràfiques
Autor corporatiu: Centro de Estudios y Promoción del Desarrollo
Format: Text
Publicat: Tegucigalpa: CEPROD
Etiquetes: Afegir etiqueta
Sense etiquetes, Sigues el primer a etiquetar aquest registre!

MARC

LEADER 00000 a a2200000 04500
001 25269
003
040
090 |a 180800  
110 |a Centro de Estudios y Promoción del Desarrollo  
245 |a Honduras dossier  
260 |a Tegucigalpa:   |b CEPROD  
300 |a 134 p  
999 |c 9325  |d 9325